Civilization, past and present : a survey of the history of man, his governmental, economic, social, religious, intellectual, and esthetic activities from the earliest times to the present, in Europe, in Asia, and in the Americas /

محفوظ في:

المؤلف الرئيسي: Wallbank, T. Walter, 1901- (مؤلف)

مؤلفون آخرون: Taylor, Alastair MacDonald (joint author)

التنسيق: كتاب

اللغة: English

منشور في: Chicago : Scott, Foresman, [1954].

الطبعة: 3d ed.

الموضوعات:

الوسوم: إضافة وسم

لا توجد وسوم, كن أول من يضع وسما على هذه التسجيلة!

رقم الطلب: CB57 .W34 1954 v.1

LEADER 00867nam a2200205Ia 4500
003 OSt
005 20251110092701.0
008 211223s1954 ilua 000 0 eng d
040 |c ARCE Library 
050 4 |a CB57 .W34 1954 v.1 
100 1 |a Wallbank, T. Walter,   |q (Thomas Walter),   |d 1901-,   |e author 
245 1 0 |a Civilization, past and present :   |b a survey of the history of man, his governmental, economic, social, religious, intellectual, and esthetic activities from the earliest times to the present, in Europe, in Asia, and in the Americas /  |c [by] T. Walter Wallbank [and] Alastair M. Taylor.  |n   
250 |a 3d ed. 
264 1 |a Chicago :   |b Scott, Foresman,   |c [1954]. 
300 |a v. <1> :   |b illus. ;   |c 26 cm. 
650 0 |a Civilization   |x History. 
700 1 |a Taylor, Alastair MacDonald,   |e joint author 
901 |a reviewed 
942 |2 lcc  |c BK 
999 |c 41228  |d 41228